| 000 | 00759cam a2200241 a 4500 | ||
|---|---|---|---|
| 001 | 000004342 | ||
| 005 | 20200929151427.0 | ||
| 008 | 840815s1996 sp 000 f spa | ||
| 020 | _a840801756X | ||
| 020 | _a0586211632 | ||
| 040 |
_aDO-SdBNP _cDLC _dDLC |
||
| 041 | 1 | 7 |
_aspa _heng _2Código de idioma MARC |
| 082 |
_a828.9915 _bE13u |
||
| 100 | 1 |
_aEasterman, Daniel _d1949- _912807 |
|
| 245 | 1 | 3 |
_aEl último asesino / _cDaniel Easterman ; traducción, Eric Tremps. |
| 260 |
_aBarcelona : _bPlaneta, _c1996. |
||
| 300 |
_a417 p. ; _c23 cm. |
||
| 534 | _aTítulo original: The last assassin. | ||
| 650 | 4 |
_aNovela irlandesa _911511 |
|
| 650 | 4 |
_aLiteratura irlandesa _911512 |
|
| 700 | 1 |
_aTremps, Eric, _etr. _912808 |
|
| 910 | _aCatalogación por copia / LC | ||
| 999 |
_c4151 _d4151 |
||